| 000 | 00348nam a22001457a 4500 | ||
|---|---|---|---|
| 003 | OSt | ||
| 008 | 250101b |||||||| |||| 00| 0 eng d | ||
| 020 | _a9789382036371 | ||
| 082 |
_a621.37 _bMAT/LA |
||
| 100 |
_aMathur,Aparna _9853 |
||
| 245 | _aLaboratory Instrumentation | ||
| 260 |
_aNew Delhi _bBlack Prints _c2013 |
||
| 300 | _a240 | ||
| 942 | _cBK | ||
| 999 |
_c14497 _d14497 |
||